Guess Badly Drawn Flags - Statistics

General Stats
  • This quiz has been taken 55 times
  • The average score is 8 of 9
Answer Stats
Picture Answer % Correct
brazil
100%
south africa
100%
india
96%
Vatican City
94%
barbados
90%
Bosnia and Herzegovina
90%
papua new guinea
88%
Uganda
88%
liechtenstein
85%
No matching quizzes found
Score Distribution
Percent of People with Each Score
Percentile by Number Answered
Your Score History
You have not taken this quiz